000 00317nam a2200121Ia 4500
008 191201s2019 xx 000 0 und d
100 _aKHUSHWAHA, S.K.
245 0 _aEssays in Honour of Bharat Ratna Baba Saheb Dr. B.R. Ambedkar
260 _aN. Delhi
_bKu
300 _a143
650 _aGeneral Books
942 _2ddc
_cBK
999 _c713
_d713